=LDR 00000nam 2200000 4500 =001 INLIS000000000035441 =005 20130612141309 =008 ***********************************ind** =035 ##$$a0010-061300000035441 =041 ##$$a ind =082 ##$$a 358.243 =090 ##$$a 358.243, Qua w =100 ##$$a Quarrie, Bruce =245 ##$$a Waffen ss, Pasukan elite nazi 1940-1945, Bruce Quarrie;Penerjemah, Samsudin Berlian;Penyunting,Andya primanda =260 ##$$a 2008 $b Jakarta =300 ##$$a 74 hlm, Ilus, 25 Cm =650 ##$$a Pasukan Nazi 1940-1945 =700 ##$$a Berlian, Samsudin =850 ##$$a NBPNMAT =990 ##$$a 93611/BPAP-NTB/2014